[Event "POL-chT Academic"]
[White "Czajka, Wojciech"]
[Black "Jankowiak, Tomasz"]
[Site "Chorzow"]
[Round "1.19"]
[Result "0-1"]
[Date "2021.05.15"]
[WhiteElo "1713"]
[BlackElo "2133"]
[PlyCount "114"]
[EventDate "2021.05.15"]
[EventType "team-swiss (rapid)"]
[EventRounds "9"]
[EventCountry "POL"]
[SourceTitle "CBM 202 Extra"]
[Source "ChessBase"]
[SourceDate "2021.07.31"]
[SourceVersion "1"]
[SourceVersionDate "2021.07.31"]
[SourceQuality "1"]
[WhiteTeam "Lublin Curie Sklodowska Univ"]
[BlackTeam "Wroclaw Politechnik"]
[WhiteTeamCountry "POL"]
[BlackTeamCountry "POL"]

1. d4 d5 2. Nf3 Nf6 3. g3 Bf5 4. Bg2 e6 5. 0-0 Nbd7 6. Bf4 Be7 7. Nbd2 h6 8. Ne5 0-0 9. f3 c5 10. e4 Bh7 11. Nxd7 Qxd7 12. dxc5 Bxc5+ 13. Kh1 Rfd8 14. Qe2 Rac8 15. Be5 dxe4 16. Nxe4 Nxe4 17. fxe4 Qd2 18. Qg4 Bg6 19. Rxf7 Kxf7 20. Rf1+ Bf2 21. Bh3 Rc6 22. Qf3+ Kg8 23. Bc3 Qe3 24. Qxf2 Bxe4+ 25. Kg1 Qxf2+ 26. Rxf2 Rd1+ 27. Rf1 Rxf1+ 28. Kxf1 Bxc2 29. Bg2 Rc7 30. Be5 Rd7 31. Bh3 Bf5 32. Bg2 Kf7 33. Ke2 Bb1 34. a3 Ba2 35. Be4 Bd5 36. Bd3 Rd8 37. Ke3 Rc8 38. Bc3 a6 39. Kd4 Rd8 40. Ke3 Re8 41. Be5 Rc8 42. Bc3 Rd8 43. Be5 Bc6 44. Bc3 Bb5 45. Be4 Bc6 46. Bd3 Bd5 47. Be5 Kg8 48. Bc3 Rf8 49. Be5 Rf3+ 50. Ke2 b5 51. a4 bxa4 52. Bxa6 Rb3 53. Bd3 Kf7 54. Bc2 Rb4 55. Bc3 Rc4 56. Bd3 Rxc3 57. bxc3 a3 0-1

[Event "POL-chT Academic"]
[White "Czajka, Wojciech"]
[Black "Kumala, Aleksander"]
[Site "Katowice"]
[Round "8.13"]
[Result "0-1"]
[Date "2020.11.15"]
[WhiteElo "1713"]
[BlackElo "2206"]
[PlyCount "154"]
[EventDate "2020.11.14"]
[EventType "team-swiss (rapid)"]
[EventRounds "9"]
[EventCountry "POL"]
[SourceTitle "CBM 199 Extra"]
[Source "ChessBase"]
[SourceDate "2021.01.31"]
[SourceVersion "1"]
[SourceVersionDate "2021.01.31"]
[SourceQuality "1"]
[WhiteTeam "Lublin Curie Sklodowska Univ"]
[BlackTeam "Gdansk Univ"]
[WhiteTeamCountry "POL"]
[BlackTeamCountry "POL"]

1. c3 d5 2. d3 e5 3. Nd2 Nf6 4. g3 c6 5. Bg2 Bd6 6. e4 0-0 7. Qc2 Re8 8. Ngf3 a5 9. Nf1 h6 10. Ne3 Bf8 11. Bd2 Na6 12. Rd1 d4 13. Nc4 dxc3 14. bxc3 Bd6 15. 0-0 Bc7 16. Rfe1 b5 17. Ne3 Nc5 18. Bc1 Be6 19. Nf1 Qc8 20. Be3 Ncd7 21. d4 Qb7 22. N1d2 Ng4 23. Rb1 Nxe3 24. Rxe3 exd4 25. Nxd4 Bb6 26. Ree1 Ne5 27. Nxe6 Rxe6 28. Nf3 Nxf3+ 29. Bxf3 Rf6 30. Kg2 Qc7 31. c4 Qe5 32. cxb5 cxb5 33. Rbd1 Re8 34. Rd5 Qxd5 35. exd5 Rxe1 36. Qc8+ Kh7 37. Qc2+ g6 38. h4 Re5 39. g4 b4 40. Qb2 Rxf3 41. Kxf3 Rxd5 42. Qe2 h5 43. Qe7 hxg4+ 44. Kxg4 Kg7 45. Qb7 Rd4+ 46. Kf3 Rd6 47. Kg4 Bxf2 48. Qc7 Rd5 49. Qc8 Be3 50. Qc6 Rc5 51. Qd6 Rc4+ 52. Kf3 Bd4 53. Qd5 Rc3+ 54. Ke4 Bf6 55. h5 gxh5 56. Qxh5 a4 57. Qg4+ Kf8 58. Qd7 b3 59. Qxa4 b2 60. Qa8+ Kg7 61. Qb8 Rc1 62. Qg3+ Kf8 63. Qb8+ Ke7 64. Qb4+ Ke8 65. Qb8+ Ke7 66. Qb4+ Ke8 67. Qb8+ Kd7 68. Qb7+ Kd6 69. Qb4+ Kc6 70. Qa4+ Kc5 71. Qa5+ Kc4 72. Qa4+ Kc5 73. Qa5+ Kd6 74. Qb6+ Rc6 75. Qb8+ Kc5 76. Qb3 Rb6 77. Qe3+ Kc6 0-1

[Event "POL-ch Academic"]
[White "Zebracki, Tomasz"]
[Black "Czajka, Wojciech"]
[Site "Katowice"]
[Round "6"]
[Result "1-0"]
[Date "2020.11.14"]
[WhiteElo "2209"]
[BlackElo "1713"]
[PlyCount "93"]
[EventDate "2020.11.13"]
[EventType "swiss (rapid)"]
[EventRounds "9"]
[EventCountry "POL"]
[SourceTitle "CBM 199 Extra"]
[Source "ChessBase"]
[SourceDate "2021.01.31"]
[SourceVersion "1"]
[SourceVersionDate "2021.01.31"]
[SourceQuality "1"]

1. e4 c6 2. c4 d5 3. cxd5 cxd5 4. exd5 Nf6 5. Qa4+ Bd7 6. Qb3 b6 7. Nc3 g6 8. Be2 Bg7 9. Nf3 0-0 10. 0-0 Bc8 11. Ne5 Bb7 12. Bf3 Nbd7 13. d4 Nxe5 14. dxe5 Nd7 15. Bf4 Nxe5 16. Bxe5 Bxe5 17. Rfe1 Bd6 18. Rad1 Rc8 19. Qa4 a6 20. Qh4 b5 21. Ne4 Kg7 22. Nxd6 exd6 23. Qxd8 Rfxd8 24. Re7 Ba8 25. Be4 Re8 26. Rxe8 Rxe8 27. f3 Rc8 28. Rd2 Rc1+ 29. Kf2 Rc5 30. g4 Bb7 31. Ke3 Bc8 32. Rc2 Rxc2 33. Bxc2 Kf6 34. Kf4 g5+ 35. Ke4 h6 36. Kd4 Ke7 37. Kc3 Kd8 38. Kb4 Kc7 39. Ka5 Kb7 40. Bh7 Bd7 41. Bd3 Bc8 42. a4 Bd7 43. axb5 axb5 44. Bxb5 Bc8 45. Ba6+ Kc7 46. Bxc8 Kxc8 47. Kb6 1-0

[Event "POL-chT Academic"]
[White "Lach, Aleksandra"]
[Black "Czajka, Wojciech"]
[Site "Katowice"]
[Round "1.5"]
[Result "0-1"]
[Date "2018.02.03"]
[WhiteElo "2209"]
[BlackElo "1601"]
[PlyCount "78"]
[EventDate "2018.02.03"]
[EventType "team-swiss (rapid)"]
[EventRounds "9"]
[EventCountry "POL"]
[SourceTitle "CBM 182 Extra"]
[Source "ChessBase"]
[SourceDate "2018.02.23"]
[SourceVersion "1"]
[SourceVersionDate "2018.02.23"]
[SourceQuality "1"]
[WhiteTeam "Krakow AGH"]
[BlackTeam "Lublin UMCS"]
[WhiteTeamCountry "POL"]
[BlackTeamCountry "POL"]

1. e4 e6 2. d4 d5 3. Nd2 Nf6 4. e5 Nfd7 5. f4 c5 6. c3 Nc6 7. Ndf3 f5 8. a3 c4 9. b4 cxb3 10. Qxb3 Nb6 11. Nd2 Bd7 12. Ngf3 Rc8 13. Bb2 Na5 14. Qa2 Be7 15. Rc1 Nac4 16. Nxc4 Nxc4 17. Bxc4 dxc4 18. d5 exd5 19. Rd1 Ba4 20. Rd2 Bc5 21. Ke2 0-0 22. Qb1 Bc6 23. h3 Qe7 24. g4 g6 25. g5 Rfd8 26. Nd4 a6 27. h4 Bxd4 28. Rxd4 Qe6 29. h5 Be8 30. hxg6 Bxg6 31. Rh6 Rc6 32. Qd1 Qf7 33. Ke3 Qe6 34. a4 Rb6 35. Ba3 Rb3 36. Bb4 b6 37. Qd2 a5 38. Bd6 Rxd6 39. Rxc4 Rc6 0-1